000 00696cam a2200181 4500
001 ABS61320
008 000000n1999 000 0 eng u
035 _a(Sirsi) u100855
100 _aPatterson, L.
245 4 _aThe trouble with GMP
260 _c1999
490 _aBuilding
_v264(8104) 17 September 1999, 84(1)
520 _aConsiders the pros and cons of guaranteed maximum price (GMP). States that the price in a GMP contract should be flexible, that it is affected by the specificity of the outline design, and that a GMP is not all-inclusive.
590 _aABS
650 _aGUARANTEED MAXIMUM PRICE CONTRACTS
690 _aBUILT ENVIRONMENT-BUILDING CONTRACT FORMS
942 _n0
999 _c60242
_d60242